• 首页
  • 本馆介绍
  • 公告通知
  • 最新文献
  • 馆藏检索
  • 电子资源
  • 读者导购
  • 参考咨询
  • 我的图书馆
  • 登录
  • 详细信息显示
  • 放入我的书架
  • 预约/预借图书
  • 作者相关作品
  • 分类相关作品
  • 丛书相关作品
  • 出版社相关作品

书目信息

  • 表格格式
  • 工作单格式
  • 卡片格式
题名:
公平与质量
    
 
作者: 秦行音 , 王力 主编
分册:  
出版信息: 北京   北京师范大学出版社  2012.10
页数: 243页, [6] 页图版
开本: 23cm
丛书名:
单 册:
中图分类: G51-53
科图分类:
主题词: 教育事业--jiao yu shi ye--世界--文集
电子资源:
ISBN: 978-7-303-15064-9
000 00975nam0 2200289 450
001 012001003740
005 20131026175101.0
010    @a978-7-303-15064-9@dCNY38.00
099    @aCAL 012012291935
100    @a20121026d2012 em y0chiy50 ea
101 0  @achi
102    @aCN@b110000
105    @aaf a 000yy
106    @ar
200 1  @a公平与质量@Agong ping yu zhi liang@e全民教育追求的目标@f秦行音, 王力主编
210    @a北京@c北京师范大学出版社@d2012.10
215    @a243页, [6] 页图版@c图@d23cm
300    @a2011都江堰国际论坛研究文集
320    @a有书目
330    @a本书以开阔的视野从理论和实践层面对教育发展的公平与质量进行了探讨, 并提供了丰富的经验和案例。
517 1  @a全民教育追求的目标@Aquan min jiao yu zhui qiu de mu biao
606 0  @a教育事业@Ajiao yu shi ye@y世界@j文集
690    @aG51-53@v4
701  0 @a秦行音@Aqin xing yin@4主编
701  0 @a王力@Awang li@4主编
801  2 @aCN@b江苏凤凰@c20191020
905    @b1227480-3@dG51-53@e104@f4
    
    公平与质量:全民教育追求的目标/秦行音, 王力主编.-北京:北京师范大学出版社,2012.10
    243页, [6] 页图版:图;23cm
    2011都江堰国际论坛研究文集
    
    ISBN 978-7-303-15064-9:CNY38.00
    本书以开阔的视野从理论和实践层面对教育发展的公平与质量进行了探讨, 并提供了丰富的经验和案例。
●
相关链接 在E读中查询图书 在五车中查询图书 在当当中查询图书 在豆瓣中查询图书


正题名:公平与质量     索取号:G51-53/104         预约/预借

序号 登录号 条形码 馆藏地/架位号 状态 备注
1 1227480   212274803   第一样本阅览室/ [索取号:G51-53/104] 在馆    
2 1227481   212274812   教育系资料室/ [索取号:G51-53/104] 在馆    
3 1227482   212274821   教育系资料室/ [索取号:G51-53/104] 在馆    
4 1227483   212274830   第四借阅区/ [索取号:G51-53/104] 在馆    
唐山师范学院图书馆 欢迎您!
大连网信软件有限公司© 版权所有